Sports Quiz

Random Sports or Color Quiz

Football Venn diagram I Quiz Stats

 Plays Quiz not verified by Sporcle

Support Sporcle.
Go Orange.
Score 0/8 Timer 03:00
5 Plays Today
% Correct
Cristiano Ronaldo
84.4%
David de Gea
84%
Paul Pogba
82.3%
Paulo Dybala
79.5%
Ruud van Nistelrooy
79.4%
Luis Figo
72.4%
Michael Laudrup
63.7%
Marc Overmars
60.2%

You're not logged in!

Compare scores with friends on all Sporcle quizzes.
OR
Log In

From the Vault

Young Adult Fiction Novels by Description

by babymonkee

These descriptions weren't written by young adults, they would have been too moody.
Remove Ads.
Support Sporcle.
Get the best of Sporcle when you Go Orange. This ad-free experience offers more features, more stats, and more fun while also helping to support Sporcle. Thank you for becoming a member.

Show Comments

Extras

Top Quizzes Today


Score Distribution

Your Account Isn't Verified!

In order to create a playlist on Sporcle, you need to verify the email address you used during registration. Go to your Sporcle Settings to finish the process.

Report this User

Report this user for behavior that violates our Community Guidelines.

Details: